000 00769nam a2200217Ia 4500
003 CO-CtgCURN
005 20250409234246.0
008 190722s9999 xx 000 0 und d
020 _a9588051312
040 _aCO-CtgCURN
_bspa
_ccoctgcurn
082 _a338.098
_bB715
100 _aBonilla González, Ricardo
245 0 _aUna propuesta de política industrial para Colombia /
_cRicardo Bonilla González
260 _aBogotá, Colombia :
_bUniversidad Nacional de Colombia,
_c1998
300 _a366 páginas ;
_c23 centímetros
521 _aAREA SOCIOHUMANISTICA
590 _aTodos los programas académicos
650 _aProduccion
942 _cBK
_h338.098
_iB715
_2ddc
_n0
999 _c27998
_d27998